Literature quiz - Statistics

General Stats
  • This quiz has been taken 3,360 times
  • The average score is 11 of 13
Answer Stats
Hint Answer % Correct
Romeo and Juliet
99%
To Kill a Mockingbird
97%
A Midsummer Night's Dream
94%
A Christmas Carol
93%
The Great Gatsby
92%
Dr Jekyl and Mr Hyde
90%
A Tale Of Two Cities
88%
Lord of the Flies
87%
Much Ado About Nothing
87%
The Picture Of Dorian Grey
81%
The Twelth Night
80%
The Three Musketeers
77%
Swallows And Amazons
28%
No matching quizzes found
Score Distribution
Percent of People with Each Score
Percentile by Number Answered
Your Score History
You have not taken this quiz